| 000 | 00617cam a22002053a 4500 | ||
|---|---|---|---|
| 001 | 34863 | ||
| 003 | PGUSA | ||
| 005 | 20140828083743.0 | ||
| 008 | 110106s2011||||xxu|||||s|||||000 | eng d | ||
| 040 |
_aPGUSA _beng |
||
| 042 | _adc | ||
| 100 | 1 |
_aPeabody, Andrew P. _q(Andrew Preston), _d1811-1893 |
|
| 245 | 1 | 0 |
_aConversation : _bIts Faults and Its Graces _h[electronic resource] / _cAndrew P. Peabody |
| 260 |
_bProject Gutenberg, _c2011 |
||
| 506 | _aPublic domain in the USA. | ||
| 516 | _aElectronic text | ||
| 830 | 0 |
_aProject Gutenberg _v34863 |
|
| 856 | 4 | 0 | _uhttp://www.gutenberg.org/ebooks/34863 |
| 942 | _cEB | ||
| 999 |
_c264118 _d264118 |
||